[Event "Wch Blitz"]
[Site "Samarkand"]
[Date "2023.12.29"]
[Round "6"]
[White "Petrosian, Tigran L"]
[Black "Vachier Lagrave, Maxime"]
[Result "0-1"]
[WhiteElo "2561"]
[BlackElo "2731"]
[PlyCount "74"]
[EventDate "2023.12.29"]
[EventType "swiss (blitz)"]
[EventRounds "21"]
[EventCountry "UZB"]
[SourceTitle "CB01_2024"]
[SourceDate "2024.01.03"]
[SourceVersion "1"]
[SourceVersionDate "2024.01.03"]
[SourceQuality "1"]

1. Nf3 d5 2. g3 g6 3. c4 dxc4 4. Na3 Bg7 5. Nxc4 Nc6 6. d3 e5 7. Bd2 Be6 8. Rc1 Nge7 9. Bg2 0-0 10. 0-0 h6 11. b4 a6 12. a3 g5 13. Na5 Nxa5 14. bxa5 Re8 15. Bc3 Ng6 16. Qa4 Bd5 17. Rfd1 b5 18. Qc2 c5 19. Bd2 Rc8 20. Qb1 e4 21. Ne1 exd3 22. Qxd3 Bxg2 23. Kxg2 Qe7 24. a4 c4 25. Qb1 Qb7+ 26. Kg1 Rxe2 27. axb5 axb5 28. Bc3 Bxc3 29. Rxc3 b4 30. a6 Qa7 31. Rf3 Ne5 32. Rf5 Qxa6 33. Qxb4 Qe6 34. Qb1 c3 35. Rc1 Rxe1+ 36. Rxe1 c2 37. Qxc2 Nf3+ 0-1

[Event "Wch Blitz"]
[Site "Samarkand"]
[Date "2023.12.29"]
[Round "11"]
[White "Radjabov, Teimour"]
[Black "Petrosian, Tigran L"]
[Result "1-0"]
[WhiteElo "2723"]
[BlackElo "2561"]
[PlyCount "73"]
[EventDate "2023.12.29"]
[EventType "swiss (blitz)"]
[EventRounds "21"]
[EventCountry "UZB"]
[SourceTitle "CB01_2024"]
[SourceDate "2024.01.03"]
[SourceVersion "1"]
[SourceVersionDate "2024.01.03"]
[SourceQuality "1"]

1. e4 g6 2. d4 Bg7 3. Nc3 a6 4. a4 d6 5. Nf3 Nf6 6. Be2 0-0 7. 0-0 b6 8. Bg5 Bb7 9. e5 Ne4 10. Nxe4 Bxe4 11. exd6 Qxd6 12. c3 Bb7 13. Re1 e6 14. Nd2 Nd7 15. Bf3 Bxf3 16. Qxf3 c6 17. h3 Qd5 18. Qg3 c5 19. Nf3 h6 20. Be3 Qb3 21. Reb1 Rfd8 22. a5 bxa5 23. Rxa5 Qc2 24. Raa1 cxd4 25. Bxd4 Nf6 26. Qe5 Rab8 27. b4 Nh5 28. Qe3 Rbc8 29. Rc1 Qb3 30. Rxa6 Bxd4 31. Nxd4 Qc4 32. Raa1 Nf6 33. Qxh6 Nd5 34. Ra3 Nxb4 35. Nf3 Qc5 36. Ng5 Qe5 37. Qh7+ 1-0

[Event "Wch Blitz"]
[Site "Samarkand"]
[Date "2023.12.29"]
[Round "5"]
[White "Zverev, Lev"]
[Black "Petrosian, Tigran L"]
[Result "0-1"]
[WhiteElo "2343"]
[BlackElo "2561"]
[PlyCount "80"]
[EventDate "2023.12.29"]
[EventType "swiss (blitz)"]
[EventRounds "21"]
[EventCountry "UZB"]
[SourceTitle "CB01_2024"]
[SourceDate "2024.01.03"]
[SourceVersion "1"]
[SourceVersionDate "2024.01.03"]
[SourceQuality "1"]

1. e4 g6 2. d4 Bg7 3. Nc3 a6 4. Be3 b5 5. Qd2 Bb7 6. f3 d6 7. h4 h6 8. 0-0-0 Nd7 9. Nh3 Nb6 10. Kb1 b4 11. Ne2 Nc4 12. Qd3 Nxe3 13. Qxe3 Nf6 14. g4 Nd7 15. Ng3 c5 16. dxc5 Nxc5 17. Bc4 Qa5 18. h5 Na4 19. Bb3 Nxb2 20. Rd4 Na4 21. hxg6 Nc3+ 22. Kc1 fxg6 23. Nf4 Rf8 24. Ne6 Bxd4 25. Qxd4 Rxf3 26. Qg7 Kd7 27. Nd4 Rxg3 28. Be6+ Kc7 29. Qxe7+ Kb6 30. Qxd6+ Ka7 31. Qe7 Qb6 32. Nb3 Rd8 33. Nc5 Nxe4 34. Nxb7 Qxb7 35. Qxd8 Nc5 36. Bd5 Qg7 37. Qa8+ Kb6 38. Qd8+ Qc7 39. Qf6+ Ka5 40. Qf2 Nd3+ 0-1

[Event "Wch Rapid"]
[Site "Samarkand"]
[Date "2023.12.28"]
[Round "12"]
[White "Petrosian, Tigran L"]
[Black "Grigoriants, Sergey"]
[Result "0-1"]
[WhiteElo "2561"]
[BlackElo "2544"]
[PlyCount "72"]
[EventDate "2023.12.26"]
[EventType "swiss (rapid)"]
[EventRounds "13"]
[EventCountry "UZB"]
[SourceTitle "CB01_2024"]
[SourceDate "2024.01.03"]
[SourceVersion "1"]
[SourceVersionDate "2024.01.03"]
[SourceQuality "1"]

1. b3 c5 2. Bb2 Nc6 3. Nf3 Nf6 4. e3 e6 5. Be2 d5 6. 0-0 Be7 7. d4 cxd4 8. exd4 0-0 9. Nbd2 b6 10. a3 Bb7 11. Bd3 Re8 12. Qe2 Bf8 13. Rfe1 g6 14. Rad1 Bg7 15. Ne5 Qc7 16. f4 a5 17. Rc1 Qd6 18. Kh1 Nh5 19. Rf1 Bh6 20. Qe3 f5 21. c4 Nxe5 22. dxe5 d4 23. Qh3 Qe7 24. Be2 Nxf4 25. Qxh6 Nxe2 26. Rce1 d3 27. Nf3 Rad8 28. Ng5 Rd7 29. Rd1 Qg7 30. Qh3 h6 31. Nxe6 Rxe6 32. Rxd3 Be4 33. Rxd7 Qxd7 34. Qxh6 Qd3 35. Re1 f4 36. Qh4 f3 0-1

[Event "Tsaghkadzor op"]
[Site "Tsaghkadzor"]
[Date "2023.09.21"]
[Round "2"]
[White "Shahil, Dey"]
[Black "Petrosian, Tigran L"]
[Result "0-1"]
[WhiteElo "2361"]
[BlackElo "2548"]
[PlyCount "72"]
[EventDate "2023.09.20"]
[EventType "swiss"]
[EventRounds "9"]
[EventCountry "ARM"]
[SourceTitle "EXT 2024"]
[Source "ChessBase"]
[SourceDate "2023.10.10"]
[SourceVersion "1"]
[SourceVersionDate "2023.10.10"]
[SourceQuality "1"]

1. c4 e5 2. g3 h5 3. h4 Nf6 4. Bg2 Nc6 5. Nc3 Bc5 6. d3 Ng4 7. Nh3 d6 8. 0-0 a6 9. Nd5 Ba7 10. b4 Nd4 11. Nc3 Nf5 12. Ne4 f6 13. c5 Be6 14. e3 d5 15. Nc3 d4 16. exd4 Qxd4 17. Bb2 Qxb4 18. Rb1 Qxc5 19. Bxb7 Rb8 20. Ne4 Qa5 21. Bc3 Qxa2 22. Rb2 Qa3 23. Qc1 Qa4 24. Bd2 0-0 25. Qxc7 Rf7 26. Bc6 Rxb2 27. Qd8+ Rf8 28. Qxf8+ Kxf8 29. Bxa4 Nxg3 30. Bc1 Ne2+ 31. Kg2 Ra2 32. Bc6 Rc2 33. Ba3+ Kg8 34. Ba4 Ra2 35. Bc5 Bxc5 36. Nxc5 Bd5+ 0-1

[Event "ARM-ch HL 83rd"]
[Site "Yerevan"]
[Date "2023.01.21"]
[Round "9"]
[White "Hakobyan, Aram"]
[Black "Petrosian, Tigran L"]
[Result "1/2-1/2"]
[WhiteElo "2626"]
[BlackElo "2551"]
[PlyCount "23"]
[EventDate "2023.01.13"]
[EventType "tourn"]
[EventRounds "9"]
[EventCountry "ARM"]
[EventCategory "12"]
[SourceTitle "CBM 212 Extra"]
[Source "ChessBase"]
[SourceDate "2023.03.31"]
[SourceVersion "1"]
[SourceVersionDate "2023.03.31"]
[SourceQuality "1"]

1. d4 e6 2. c4 b6 3. a3 Bb7 4. Nc3 Nf6 5. Nf3 d5 6. Bg5 Be7 7. Bxf6 Bxf6 8. cxd5 exd5 9. Qb3 0-0 10. Rd1 c5 11. dxc5 Nd7 12. cxb6 1/2-1/2

[Event "ARM-ch HL 83rd"]
[Site "Yerevan"]
[Date "2023.01.17"]
[Round "5"]
[White "Andriasian, Zaven"]
[Black "Petrosian, Tigran L"]
[Result "1/2-1/2"]
[WhiteElo "2580"]
[BlackElo "2551"]
[PlyCount "53"]
[EventDate "2023.01.13"]
[EventType "tourn"]
[EventRounds "9"]
[EventCountry "ARM"]
[EventCategory "12"]
[SourceTitle "CBM 212 Extra"]
[Source "ChessBase"]
[SourceDate "2023.03.31"]
[SourceVersion "1"]
[SourceVersionDate "2023.03.31"]
[SourceQuality "1"]

1. e4 e5 2. Nf3 Nf6 3. Nxe5 d6 4. Nf3 Nxe4 5. Nc3 Nxc3 6. dxc3 Be7 7. Be3 0-0 8. Qd2 Nd7 9. 0-0-0 Nf6 10. Bd3 c5 11. Kb1 Be6 12. Ng5 Bd7 13. Rhe1 d5 14. c4 d4 15. Bf4 Re8 16. Re2 Bf8 17. Rde1 Rxe2 18. Qxe2 Qb6 19. Qf3 h6 20. Ne4 Nxe4 21. Qxe4 g6 22. Qf3 Re8 23. Rxe8 Bxe8 24. Be4 Bc6 25. Bxc6 bxc6 26. Qe2 Qd8 27. h3 1/2-1/2

[Event "Wch Blitz"]
[Site "Almaty"]
[Date "2022.12.30"]
[Round "15"]
[White "Petrosian, Tigran L"]
[Black "Durarbayli, Vasif"]
[Result "1-0"]
[WhiteElo "2632"]
[BlackElo "2576"]
[PlyCount "84"]
[EventDate "2022.12.29"]
[EventType "swiss (blitz)"]
[EventRounds "21"]
[EventCountry "KAZ"]
[SourceTitle "CBM 212"]
[Source "ChessBase"]
[SourceDate "2023.02.28"]
[SourceVersion "1"]
[SourceVersionDate "2023.02.28"]
[SourceQuality "1"]

1. Nf3 d5 2. g3 c6 3. Bg2 Bg4 4. h3 Bxf3 5. Bxf3 Nd7 6. Bg2 e5 7. d3 Ngf6 8. 0-0 Be7 9. c4 d4 10. Na3 0-0 11. Nc2 a5 12. b3 Nc5 13. Rb1 Qc7 14. e3 dxe3 15. Bxe3 Rad8 16. d4 exd4 17. Nxd4 Rfe8 18. Qc2 Bf8 19. Rbd1 g6 20. Rfe1 Qc8 21. g4 Ne6 22. Nxe6 Rxe6 23. Bb6 Rde8 24. Bxa5 h5 25. g5 Nd7 26. Rxe6 Rxe6 27. h4 b6 28. Bc3 Ne5 29. Re1 Ng4 30. Rxe6 Qxe6 31. Qe4 Qd6 32. Qd4 Qh2+ 33. Kf1 f6 34. gxf6 Qxh4 35. Bxc6 Kh7 36. f7 Kh6 37. Qh8+ Kg5 38. Bd2+ Kf5 39. Bd7+ Ke4 40. Bxg4 Qxg4 41. Qc3 Qd1+ 42. Kg2 Kf5 1-0

[Event "Wch Blitz"]
[Site "Almaty"]
[Date "2022.12.30"]
[Round "13"]
[White "Petrosian, Tigran L"]
[Black "Nesterov, Arseniy"]
[Result "1/2-1/2"]
[WhiteElo "2632"]
[BlackElo "2477"]
[PlyCount "152"]
[EventDate "2022.12.29"]
[EventType "swiss (blitz)"]
[EventRounds "21"]
[EventCountry "KAZ"]
[SourceTitle "CBM 212"]
[Source "ChessBase"]
[SourceDate "2023.02.28"]
[SourceVersion "1"]
[SourceVersionDate "2023.02.28"]
[SourceQuality "1"]

1. Nf3 Nf6 2. g3 c5 3. c4 Nc6 4. Bg2 d5 5. 0-0 d4 6. e3 e5 7. exd4 cxd4 8. d3 Be7 9. Bg5 Nd7 10. Bxe7 Qxe7 11. Re1 0-0 12. Nbd2 a5 13. Nh4 g6 14. a3 Ra6 15. Rb1 a4 16. Nhf3 Nc5 17. Ne4 Ne6 18. Ned2 Nc5 19. Ne4 Ne6 20. Qe2 Re8 21. Ned2 Nc5 22. Nh4 Rb6 23. Bd5 Kg7 24. Ne4 Ne6 25. Nd2 Nc5 26. Ne4 Ne6 27. Nf3 Nc7 28. c5 Nxd5 29. cxb6 Bg4 30. Ned2 Nxb6 31. Rbc1 Qd7 32. Rc5 f6 33. Qd1 Qd6 34. Qc2 Nd7 35. Rb5 b6 36. Rc1 Rc8 37. Nc4 Qb8 38. Nfd2 Be6 39. Qxa4 Na7 40. Rb4 b5 41. Qa5 Nc6 42. Qxb5 Nxb4 43. Qxb4 Qxb4 44. axb4 Rb8 45. Ra1 Rxb4 46. Ra5 e4 47. Ra6 Bxc4 48. dxc4 e3 49. fxe3 dxe3 50. Ra7 exd2 51. Rxd7+ Kh6 52. Rxd2 Rxc4 53. Kf2 Rb4 54. Ke3 Kg5 55. Kd3 Rb8 56. Kc3 Kg4 57. b4 f5 58. Rd4+ Kf3 59. Rd7 h5 60. Rg7 Rb6 61. Kc4 Kg2 62. Kc5 Rf6 63. b5 Kxh2 64. b6 Kxg3 65. b7 Rf8 66. Rxg6+ Kf3 67. Rg5 f4 68. Rxh5 Kg4 69. Rd5 f3 70. Rd4+ Kg3 71. Rd1 f2 72. Kc6 Rb8 73. Kc7 Rxb7+ 74. Kxb7 Kg2 75. Kc6 f1Q 76. Rxf1 Kxf1 1/2-1/2

[Event "Wch Blitz"]
[Site "Almaty"]
[Date "2022.12.29"]
[Round "10"]
[White "Madaminov, Mukhiddin"]
[Black "Petrosian, Tigran L"]
[Result "1-0"]
[WhiteElo "2333"]
[BlackElo "2632"]
[PlyCount "135"]
[EventDate "2022.12.29"]
[EventType "swiss (blitz)"]
[EventRounds "21"]
[EventCountry "KAZ"]
[SourceTitle "CBM 212"]
[Source "ChessBase"]
[SourceDate "2023.02.28"]
[SourceVersion "1"]
[SourceVersionDate "2023.02.28"]
[SourceQuality "1"]

1. d4 d6 2. e4 g6 3. Nc3 Bg7 4. f4 a6 5. a4 Nf6 6. Bd3 0-0 7. Nf3 Nc6 8. e5 dxe5 9. dxe5 Nd5 10. 0-0 Ndb4 11. Be4 Qxd1 12. Rxd1 Bf5 13. Ne1 f6 14. Bxf5 gxf5 15. exf6 Bxf6 16. Be3 Rad8 17. Kf2 Bxc3 18. bxc3 Nd5 19. Rd3 Nf6 20. Ke2 Ne4 21. Rc1 Na5 22. Nf3 Rd6 23. Ne5 Nc6 24. Nc4 Rg6 25. g3 Rh6 26. Bg1 Rd8 27. Ne5 Rdd6 28. Kf3 Nxe5+ 29. fxe5 Rc6 30. Rb1 b6 31. Rb3 Kf7 32. h4 Rhg6 33. Bf2 Ke6 34. Be1 a5 35. Rb5 Rc4 36. Rd4 Rc6 37. Rd8 Nxc3 38. Rb3 Ne4 39. Rbd3 Rxc2 40. Rh8 h6 41. h5 Rg4 42. Rxh6+ Kxe5 43. Rd7 e6 44. Re7 Ng5+ 45. Ke3 Rcc4 46. Rd7 Rge4+ 47. Kf2 Rc2+ 48. Rd2 Nh3+ 49. Kf1 Rc1 50. Re2 Ng5 51. Kf2 Nh3+ 52. Kf1 Ng5 53. Kf2 Rxe2+ 54. Kxe2 Ke4 55. Bd2 Rc2 56. Kd1 Kd3 57. Bxg5 Ra2 58. Ke1 Rxa4 59. Rxe6 Ra1+ 60. Kf2 a4 61. h6 Rh1 62. Bh4 f4 63. h7 fxg3+ 64. Kxg3 Rg1+ 65. Kh2 Rc1 66. h8Q a3 67. Re3+ Kc4 68. Rxa3 1-0

[Event "Wch Blitz"]
[Site "Almaty"]
[Date "2022.12.29"]
[Round "9"]
[White "Petrosian, Tigran L"]
[Black "Sychev, Klementy"]
[Result "1-0"]
[WhiteElo "2632"]
[BlackElo "2563"]
[PlyCount "175"]
[EventDate "2022.12.29"]
[EventType "swiss (blitz)"]
[EventRounds "21"]
[EventCountry "KAZ"]
[SourceTitle "CBM 212"]
[Source "ChessBase"]
[SourceDate "2023.02.28"]
[SourceVersion "1"]
[SourceVersionDate "2023.02.28"]
[SourceQuality "1"]

1. Nf3 c5 2. g3 Nc6 3. c4 Nf6 4. Bg2 d5 5. 0-0 d4 6. e3 e5 7. exd4 exd4 8. d3 Be7 9. Re1 0-0 10. Ne5 Nxe5 11. Rxe5 Bd6 12. Re1 h6 13. Nd2 Bg4 14. Qb3 Rb8 15. Ne4 Nxe4 16. Bxe4 Qa5 17. Rd1 Bxd1 18. Qxd1 Rbe8 19. Bd2 Qd8 20. Qf3 b6 21. Qf5 g6 22. Qh3 Be5 23. Bxh6 Bg7 24. Bf4 Be5 25. Bd2 Qf6 26. Kg2 Re7 27. Qg4 Qe6 28. Qf3 Qf6 29. Qg4 Qe6 30. Qh4 Bf6 31. Qh6 Bg7 32. Qf4 Be5 33. Qf3 Qf6 34. Qe2 Bd6 35. Qg4 Qg7 36. Qh4 Re5 37. Bh6 Qh8 38. Bxf8 Qxh4 39. gxh4 Kxf8 40. Bf3 Be7 41. h5 gxh5 42. Be4 Bd6 43. f4 Re6 44. Kf3 Rf6 45. f5 Bxh2 46. Rh1 Bc7 47. Rxh5 Kg7 48. Rg5+ Kf8 49. Rh5 Kg7 50. Rh1 Rh6 51. Rg1+ Kf8 52. Bd5 Rh3+ 53. Ke2 Rh2+ 54. Bg2 Bf4 55. Kf3 Be3 56. Rb1 Rh5 57. Ke4 Rh2 58. Bf3 a5 59. a3 Ke7 60. b4 axb4 61. axb4 Rh4+ 62. Kd5 cxb4 63. Rxb4 Rh6 64. Ke5 Rd6 65. Bd5 f6+ 66. Ke4 Kd8 67. Ra4 Ke7 68. Ra7+ Rd7 69. Ra6 Rd6 70. Kf3 Bd2 71. Ra2 Be3 72. Rh2 Rd8 73. Rb2 Rd6 74. Kg4 Bc1 75. Rb1 Be3 76. Kh5 Bf4 77. Kg6 Be5 78. Ra1 Rd7 79. Ra6 Rd6 80. Be6 Ke8 81. Ra7 Kd8 82. Kf7 Rc6 83. Rd7+ Kc8 84. Rxd4+ Kb8 85. Rd5 Rc5 86. Rxe5 fxe5 87. f6 Kc7 88. Ke7 1-0

[Event "Wch Rapid"]
[Site "Almaty"]
[Date "2022.12.27"]
[Round "9"]
[White "Petrosian, Tigran L"]
[Black "Giri, Anish"]
[Result "0-1"]
[WhiteElo "2623"]
[BlackElo "2708"]
[PlyCount "82"]
[EventDate "2022.12.26"]
[EventType "swiss (rapid)"]
[EventRounds "13"]
[EventCountry "KAZ"]
[SourceTitle "CBM 212"]
[Source "ChessBase"]
[SourceDate "2023.02.28"]
[SourceVersion "1"]
[SourceVersionDate "2023.02.28"]
[SourceQuality "1"]

1. Nf3 c5 2. g3 Nc6 3. c4 g6 4. Bg2 Bg7 5. Nc3 d6 6. 0-0 Rb8 7. b3 Nh6 8. Bb2 Nf5 9. e3 0-0 10. d3 a6 11. Qd2 b5 12. Nd5 e5 13. Rac1 Nce7 14. Nxe7+ Qxe7 15. Qe2 bxc4 16. dxc4 e4 17. Ne1 h5 18. Rd1 Bxb2 19. Qxb2 h4 20. Nc2 Ng7 21. Na3 Bg4 22. Rd2 h3 23. Bh1 f5 24. Nb1 Ne6 25. Nc3 Ng5 26. Nd5 Qg7 27. Qa3 Ra8 28. Nf4 Rfd8 29. Qa5 Kh7 30. Qb6 Qd7 31. Nd5 Qf7 32. Nf4 Qd7 33. Nd5 Kh6 34. Nf6 Qe6 35. Nxg4+ fxg4 36. Rfd1 Qf6 37. Kf1 Nf3 38. Ke2 Rf8 39. Kf1 Nxd2+ 40. Rxd2 Qa1+ 41. Ke2 Rxf2+ 0-1

[Event "Wch Rapid"]
[Site "Almaty"]
[Date "2022.12.26"]
[Round "2"]
[White "Dragnev, Valentin"]
[Black "Petrosian, Tigran L"]
[Result "1/2-1/2"]
[WhiteElo "2444"]
[BlackElo "2623"]
[PlyCount "116"]
[EventDate "2022.12.26"]
[EventType "swiss (rapid)"]
[EventRounds "13"]
[EventCountry "KAZ"]
[SourceTitle "CBM 212"]
[Source "ChessBase"]
[SourceDate "2023.02.28"]
[SourceVersion "1"]
[SourceVersionDate "2023.02.28"]
[SourceQuality "1"]

1. e4 g6 2. d4 Bg7 3. Nf3 d6 4. Be3 Nf6 5. Nc3 c6 6. h3 0-0 7. a4 Nbd7 8. Be2 e5 9. dxe5 dxe5 10. Qd6 Re8 11. Bc4 Bf8 12. Qd3 Qc7 13. Ng5 Re7 14. Ba2 h6 15. Nf3 Nh5 16. 0-0-0 Ndf6 17. g4 Ng7 18. Bxh6 Be6 19. Bg5 Rd7 20. Qe3 Nh7 21. Rxd7 Qxd7 22. Nxe5 Qe8 23. Bf4 Bxa2 24. Nxa2 Ne6 25. Bg3 Bc5 26. Qb3 b5 27. Kb1 Rd8 28. axb5 cxb5 29. Nf3 Nhg5 30. Nxg5 Nxg5 31. f3 Ne6 32. Be5 a5 33. Nc3 Bd4 34. Bg3 b4 35. Nd5 Bg7 36. h4 Rc8 37. Qe3 a4 38. e5 b3 39. c3 a3 40. bxa3 Ra8 41. Kb2 Qa4 42. Ra1 Bf8 43. Nb6 Bxa3+ 44. Kb1 Qa7 45. Nd5 Qa6 46. Be1 Rd8 47. Qe4 Nc5 48. Qd4 Qe2 49. Qd2 Qxd2 50. Nf6+ Kg7 51. Bxd2 Rxd2 52. Rxa3 Rd1+ 53. Kb2 Rd2+ 54. Kb1 Rd1+ 55. Kb2 Rd2+ 56. Kb1 Rd1+ 57. Kb2 Rd2+ 58. Kb1 Rd1+ 1/2-1/2

[Event "Yerevan op-A 4th"]
[Site "Yerevan"]
[Date "2022.10.16"]
[Round "7"]
[White "Babujian, Levon"]
[Black "Petrosian, Tigran L"]
[Result "1/2-1/2"]
[WhiteElo "2396"]
[BlackElo "2549"]
[PlyCount "67"]
[EventDate "2022.10.10"]
[EventType "swiss"]
[EventRounds "9"]
[EventCountry "ARM"]
[SourceTitle "CBM 210 Extra"]
[Source "ChessBase"]
[SourceDate "2022.11.30"]
[SourceVersion "1"]
[SourceVersionDate "2022.11.30"]
[SourceQuality "1"]

1. e4 e6 2. d4 d5 3. Nc3 Bb4 4. exd5 exd5 5. Bd3 Ne7 6. Qh5 c5 7. dxc5 Nd7 8. Bg5 Bxc3+ 9. bxc3 Nxc5 10. Ne2 Nxd3+ 11. cxd3 0-0 12. Bxe7 Qxe7 13. 0-0 Qd6 14. Rab1 b6 15. Rb4 Re8 16. Rd4 Qe5 17. Qxe5 Rxe5 18. Ng3 Bb7 19. a4 Rc8 20. Rc1 g6 21. f3 Rc5 22. Kf2 Ra5 23. Rb1 Bc6 24. Rbb4 Re7 25. h4 Kf8 26. Ne2 Ke8 27. Nf4 Rc5 28. Ne2 Kd8 29. h5 Kc7 30. h6 Ra5 31. Nc1 Rc5 32. Ne2 Ra5 33. Nc1 Rc5 34. Ne2 1/2-1/2

[Event "Yerevan op-A 4th"]
[Site "Yerevan"]
[Date "2022.10.14"]
[Round "5"]
[White "Ohanyan, Emin"]
[Black "Petrosian, Tigran L"]
[Result "0-1"]
[WhiteElo "2402"]
[BlackElo "2549"]
[PlyCount "146"]
[EventDate "2022.10.10"]
[EventType "swiss"]
[EventRounds "9"]
[EventCountry "ARM"]
[SourceTitle "CBM 210 Extra"]
[Source "ChessBase"]
[SourceDate "2022.11.30"]
[SourceVersion "1"]
[SourceVersionDate "2022.11.30"]
[SourceQuality "1"]

1. d4 d6 2. e4 Nf6 3. Nc3 e5 4. Nf3 Nbd7 5. Bc4 h6 6. 0-0 Be7 7. Re1 0-0 8. a4 a5 9. h3 c6 10. Be3 Re8 11. Ba2 Bf8 12. dxe5 Nxe5 13. Nd4 Ng6 14. Qd3 Nd7 15. Qd1 Nc5 16. Qf3 Ne5 17. Qg3 Qf6 18. f4 Ng6 19. e5 dxe5 20. fxe5 Rxe5 21. Rf1 Bf5 22. Nxf5 Rxf5 23. Rxf5 Qxf5 24. Rf1 Qe5 25. Bxf7+ Kh8 26. Qxe5 Nxe5 27. Ba2 Bd6 28. Rd1 Be7 29. Bd4 Ned7 30. Bc4 Bf6 31. Bxf6 Nxf6 32. b3 Re8 33. Ne2 Nd5 34. Nd4 Ne3 35. Re1 Re4 36. Bf7 g5 37. Bg6 Rxd4 38. Rxe3 Kg7 39. Bf5 Kf6 40. g4 b5 41. Kf2 bxa4 42. bxa4 Rd6 43. Ke2 Nxa4 44. Ra3 Rd4 45. c3 Rc4 46. Kd3 Rf4 47. Ke2 Ke7 48. Bc2 Nb6 49. Rxa5 Nd5 50. Ra7+ Kd6 51. Rh7 Rf6 52. Bf5 Nxc3+ 53. Kf3 Nd5 54. Kg3 c5 55. h4 gxh4+ 56. Kxh4 c4 57. Rh8 Ne3 58. Be4 Kc5 59. Kg3 Kd4 60. Re8 Nf1+ 61. Kg2 c3 62. Bh7 Ne3+ 63. Kg3 Nc4 64. Rc8 Nd6 65. Rd8 Ke3 66. Kh4 Re6 67. Rd7 Ne4 68. Rc7 Kd3 69. Kh5 Kd2 70. Rd7+ Ke3 71. Kh4 Rc6 72. Re7 Rc4 73. Bg8 c2 0-1

[Event "Tsaghkadzor ChessMood op"]
[Site "Tsaghkadzor"]
[Date "2022.10.08"]
[Round "9"]
[White "Petrosian, Tigran L"]
[Black "Prraneeth, Vuppala"]
[Result "1-0"]
[WhiteElo "2549"]
[BlackElo "2458"]
[PlyCount "151"]
[EventDate "2022.09.30"]
[EventType "swiss"]
[EventRounds "9"]
[EventCountry "ARM"]
[SourceTitle "CBM 210 Extra"]
[Source "ChessBase"]
[SourceDate "2022.11.30"]
[SourceVersion "1"]
[SourceVersionDate "2022.11.30"]
[SourceQuality "1"]

1. Nf3 d5 2. g3 g6 3. c4 dxc4 4. Qa4+ Nc6 5. Qxc4 Bg7 6. Bg2 e5 7. d3 Nge7 8. Nc3 Be6 9. Qa4 h6 10. Be3 0-0 11. Rc1 Nd5 12. Nxd5 Bxd5 13. 0-0 Re8 14. Rc5 Bf8 15. Rc3 Nb4 16. a3 Bc6 17. Qb3 Nd5 18. Rxc6 bxc6 19. Bc1 c5 20. Nd2 c6 21. Nc4 a5 22. Bd2 a4 23. Qc2 Qb8 24. h4 h5 25. Rc1 Qb5 26. Bf3 Nb6 27. Ne3 Rab8 28. Rd1 Nd5 29. Nc4 Nb6 30. Na5 Re6 31. Bc3 Ra8 32. Qd2 Nd5 33. Nc4 Nxc3 34. Qxc3 Bg7 35. Qc2 Rd8 36. Rc1 Bh6 37. e3 Qb3 38. Qxb3 axb3 39. Rc3 Rb8 40. Na5 Bg7 41. e4 Bh6 42. Nc4 Re7 43. Bd1 Reb7 44. Kf1 f6 45. Ke2 Rb5 46. a4 Rb4 47. Na5 R8b6 48. Rxc5 Kf8 49. Rxc6 Rxc6 50. Nxc6 Rxa4 51. Bxb3 Ra1 52. Bc4 Rb1 53. b4 Rb2+ 54. Kf1 Bd2 55. b5 Ke8 56. d4 exd4 57. e5 fxe5 58. Nxe5 g5 59. Bd3 Rb3 60. Bc2 Rb2 61. Bg6+ Kd8 62. Nc4 Ra2 63. Bb1 Ra4 64. Nxd2 gxh4 65. gxh4 d3 66. Bxd3 Rxh4 67. Be4 Kc7 68. Bc6 Rg4 69. Ne4 h4 70. Nf6 Rg5 71. Nd5+ Kd6 72. Nf4 Rg4 73. Nh3 Rb4 74. Kg2 Rb3 75. Ng5 Ke5 76. Nf3+ 1-0

[Event "Tsaghkadzor ChessMood op"]
[Site "Tsaghkadzor"]
[Date "2022.10.04"]
[Round "5"]
[White "Petrosian, Tigran L"]
[Black "Sargsyan, Shant"]
[Result "1/2-1/2"]
[WhiteElo "2549"]
[BlackElo "2661"]
[PlyCount "77"]
[EventDate "2022.09.30"]
[EventType "swiss"]
[EventRounds "9"]
[EventCountry "ARM"]
[SourceTitle "CBM 210 Extra"]
[Source "ChessBase"]
[SourceDate "2022.11.30"]
[SourceVersion "1"]
[SourceVersionDate "2022.11.30"]
[SourceQuality "1"]

1. e4 c5 2. Nf3 d6 3. Bb5+ Nd7 4. d4 cxd4 5. Qxd4 a6 6. Bxd7+ Bxd7 7. Nc3 e5 8. Qd3 h6 9. 0-0 Nf6 10. Nd2 Rc8 11. Nc4 Be6 12. Ne3 Be7 13. Ncd5 Nxd5 14. Nxd5 Bxd5 15. Qxd5 Rxc2 16. Qxb7 Qc8 17. Qxc8+ Rxc8 18. Be3 Kd7 19. Rac1 Bg5 20. Bxg5 hxg5 21. f3 g6 22. h3 f5 23. Kf2 Rb8 24. b3 Rb4 25. Ke3 fxe4 26. fxe4 Rh4 27. g4 Rxh3+ 28. Rf3 Rh2 29. Rf7+ Ke6 30. Rg7 Rh3+ 31. Kf2 Rxe4 32. Rxg6+ Kd5 33. Rd1+ Rd4 34. Rxd4+ exd4 35. Rxg5+ Ke4 36. Rg6 Rh2+ 37. Kg3 Rxa2 38. Rxd6 Ra3 39. Re6+ 1/2-1/2

[Event "Tsaghkadzor ChessMood op"]
[Site "Tsaghkadzor"]
[Date "2022.10.03"]
[Round "4"]
[White "Galchenko, Matvey"]
[Black "Petrosian, Tigran L"]
[Result "0-1"]
[WhiteElo "2440"]
[BlackElo "2549"]
[PlyCount "106"]
[EventDate "2022.09.30"]
[EventType "swiss"]
[EventRounds "9"]
[EventCountry "ARM"]
[SourceTitle "CBM 210 Extra"]
[Source "ChessBase"]
[SourceDate "2022.11.30"]
[SourceVersion "1"]
[SourceVersionDate "2022.11.30"]
[SourceQuality "1"]

1. d4 Nf6 2. Bf4 g6 3. e3 Bg7 4. Nf3 0-0 5. h3 c5 6. Nbd2 b6 7. a4 d6 8. Be2 Ba6 9. Bxa6 Nxa6 10. c3 Nc7 11. 0-0 Qc8 12. Re1 Qb7 13. Qb3 Ne4 14. a5 Nxd2 15. Nxd2 Ne6 16. a6 Qd7 17. Bg3 b5 18. Qd5 Rab8 19. Ne4 cxd4 20. exd4 Nc7 21. Qg5 Rfe8 22. Re2 h6 23. Qf4 Nd5 24. Qf3 Qf5 25. Qd3 Rec8 26. Ra5 Rb6 27. Ra1 Nf6 28. Nxf6+ Bxf6 29. Qd2 b4 30. Bf4 bxc3 31. bxc3 g5 32. Bg3 Rcc6 33. Rae1 Rxa6 34. Re3 Rab6 35. Qa2 Ra6 36. Qb3 Rcb6 37. Qc4 Rc6 38. Qb3 Rab6 39. Qa2 a6 40. Rf3 Qg6 41. Kh2 h5 42. Qa5 Rb8 43. h4 gxh4 44. Bf4 Rb5 45. Qd8+ Kg7 46. Qa8 Rcb6 47. Rh3 Rf5 48. g3 Rb2 49. Rf1 Bg5 50. Bxg5 Rfxf2+ 51. Rxf2 Rxf2+ 52. Kg1 Ra2 53. Bxe7 Qb1# 0-1